Cities that Start with L by Clue - Statistics

General Stats
  • This quiz has been taken 68 times
  • The average score is 15 of 20
Answer Stats
Clue City % Correct
Home to Big Ben, the Tube, and the Royal Family London
100%
Center of Hollywood and the American film industry Los Angeles
97%
"Sin City" Las Vegas
93%
Home of the Beatles Liverpool
93%
African megacity known for its film industry called "Nollywood" Lagos
89%
High altitude South American capital, one of two for this country La Paz
89%
France's third largest city Lyon
89%
European capital known for its 1755 earthquake which destroyed most of the city Lisbon
85%
Capital of Slovenia Ljubljana
84%
Northern English city with strong music and football culture Leeds
75%
One of the EU's three main cities Luxembourg
70%
Nebraska's Capital Lincoln
67%
Tibetan capital known for the magnificent Potala Palace Lhasa
66%
City on the Ohio River famous for its "Kentucky Derby" Louisville
66%
Johann Bach spent a lot of time in this German city Leipzig
62%
Nile city known as the World's largest "Open Air Museum" Luxor
62%
Home to little rain and world-class ceviche Lima
59%
South Asian megacity known for its beautiful fort, mosques, and culture Lahore
48%
In 1957, nine African-American students attempted to integrate into this city's Central High School Little Rock
41%
Swiss lake city known for its wooden chapel bridge Lucerne
39%
No matching quizzes found
Score Distribution
Percent of People with Each Score
Percentile by Number Answered
Your Score History
You have not taken this quiz